000 00667nam a2200217 a 4500
001 36267
003 BD-RjUL
005 20211209052449.0
008 190212s1957 pk a 001 0 eng
035 _a(BD-RjUL)36364
040 _aDLC
_cOAU
_dBD-RjUL
_beng
041 _aeng
082 _a338.17354
_bJUT 1957
_223
245 0 0 _aJute:
_bthe golden fibre /
_cedited and compiled by Serajul Islam Choudhury.
250 _a1st ed.
260 _aDacca:
_bPakistan Today Press,
_c[1957]
300 _a461 p. :
_bIll. ;
_c36 cm.
650 _aJute
_xHistory
_9228100
_zEast Pakistan (Bangldesh)
700 _aChoudhury, Serajul Islam, ed. & comp.
_9228103
942 _2ddc
_cBK
999 _c36267
_d36267